[Event "RUS-chT Rapid (Women)"]
[Site "Sochi"]
[Date "2023.10.18"]
[Round "5.19"]
[White "Zeliantsova, Kseniya"]
[Black "Khamnueva, Mariya"]
[Result "1/2-1/2"]
[WhiteElo "1867"]
[BlackElo "1598"]
[PlyCount "218"]
[EventDate "2023.10.18"]
[EventType "team-swiss (rapid)"]
[EventRounds "9"]
[EventCountry "RUS"]
[SourceTitle "Mega2024 Update 01"]
[Source "Chessbase"]
[SourceDate "2023.11.12"]
[SourceVersion "1"]
[SourceVersionDate "2023.11.12"]
[SourceQuality "1"]
[WhiteTeam "Belarus (W)"]
[BlackTeam "Buryatiya (W)"]
[WhiteTeamCountry "BLR"]
[BlackTeamCountry "RUS"]

1. e4 e5 2. Nf3 Nf6 3. d4 Nxe4 4. Bd3 d5 5. Nxe5 Bd6 6. 0-0 0-0 7. c4 c6 8. cxd5 cxd5 9. Nc3 Nxc3 10. bxc3 Nd7 11. f4 Nf6 12. Bd2 Bd7 13. Rb1 Bc6 14. Qf3 Qa5 15. Ra1 Rfe8 16. Be1 Qc7 17. g4 Ne4 18. c4 Nf6 19. Nxc6 bxc6 20. Rc1 Qd7 21. c5 Nxg4 22. cxd6 Re3 23. Qd1 Nxh2 24. Qh5 Rxd3 25. Kxh2 Qxd6 26. Rc2 Rxd4 27. Bg3 g6 28. Qh6 Re8 29. f5 Qf6 30. Rcf2 Ree4 31. Kg2 Rd3 32. fxg6 Qxg6 33. Qxg6+ hxg6 34. Rxf7 Re2+ 35. R7f2 Rdd2 36. Rc1 Rxa2 37. Rxc6 Rxf2+ 38. Bxf2 Kf7 39. Kf3 a5 40. Bd4 a4 41. Kf4 Rd2 42. Ke3 Rh2 43. Rf6+ Ke7 44. Rxg6 a3 45. Ra6 a2 46. Bc5+ Kd7 47. Kd4 Rd2+ 48. Kc3 Rg2 49. Bd4 Kc7 50. Kb3 Kb7 51. Rf6 Rd2 52. Bb2 d4 53. Kxa2 d3 54. Kb3 Kc7 55. Be5+ Kc8 56. Bc3 Rh2 57. Rf3 d2 58. Rd3 Kb7 59. Bxd2 Kc6 60. Bc3 Kc5 61. Rg3 Rh5 62. Rg1 Kb5 63. Ra1 Rh3 64. Ra5+ Kb6 65. Rg5 Rh4 66. Be1 Re4 67. Bf2+ Kc6 68. Kc3 Rf4 69. Bd4 Rf1 70. Kc4 Rc1+ 71. Bc3 Kd6 72. Rg6+ Ke7 73. Kd4 Kf7 74. Rb6 Ke7 75. Bb4+ Kd7 76. Bc5 Kc7 77. Rg6 Rd1+ 78. Kc4 Rd2 79. Be3 Ra2 80. Kd5 Ra5+ 81. Bc5 Ra2 82. Rg7+ Kd8 83. Rg8+ Kd7 84. Rg7+ Ke8 85. Bb4 Re2 86. Bc3 Ra2 87. Be5 Kf8 88. Rh7 Ra6 89. Bd6+ Kg8 90. Rd7 Ra2 91. Ke6 Rf2 92. Be5 Rf7 93. Rd2 Rf1 94. Rg2+ Kh7 95. Bf6 Kh6 96. Kf7 Kh5 97. Rg5+ Kh6 98. Rg4 Rf5 99. Ke6 Rb5 100. Kf7 Rf5 101. Rh4+ Rh5 102. Rf4 Rb5 103. Be7 Rh5 104. Rg4 Rf5+ 105. Bf6 Rb5 106. Rg1 Ra5 107. Rh1+ Rh5 108. Bg7+ Kg5 109. Bf6+ Kg4 1/2-1/2

[Event "RUS-chT Blitz (Women)"]
[Site "Sochi"]
[Date "2023.10.17"]
[Round "12.19"]
[White "Khamnueva, Mariya"]
[Black "Grigorieva, Sofia"]
[Result "1/2-1/2"]
[WhiteElo "1598"]
[BlackElo "1580"]
[PlyCount "127"]
[EventDate "2023.10.17"]
[EventType "team-tourn (blitz)"]
[EventRounds "13"]
[EventCountry "RUS"]
[SourceTitle "Mega2024 Update 01"]
[Source "Chessbase"]
[SourceDate "2023.11.12"]
[SourceVersion "1"]
[SourceVersionDate "2023.11.12"]
[SourceQuality "1"]
[WhiteTeam "Buryatiya (W)"]
[BlackTeam "Moscow Botvinnik School (W) II"]
[WhiteTeamCountry "RUS"]
[BlackTeamCountry "RUS"]

1. e4 e6 2. Qe2 g6 3. c4 Bg7 4. Nc3 Ne7 5. d3 d6 6. f4 c5 7. g4 Nbc6 8. Nf3 Nd4 9. Nxd4 cxd4 10. Nd1 Nc6 11. Bg2 Bd7 12. Nf2 a5 13. Bd2 Qb6 14. b3 a4 15. bxa4 Rxa4 16. 0-0 h5 17. g5 e5 18. Nh3 exf4 19. Nxf4 Bg4 20. Qf2 0-0 21. Nd5 Qd8 22. h4 Be6 23. Nf6+ Kh8 24. Qe2 Bxf6 25. gxf6 Ne5 26. Bh6 Re8 27. Bg7+ Kg8 28. Qd2 Ng4 29. Bh3 Qa5 30. Qf4 Qe5 31. Bxg4 Qxf4 32. Rxf4 Bxg4 33. Rf2 Rea8 34. Rb2 Bc8 35. Rb6 R8a6 36. Rab1 Rxb6 37. Rxb6 Ra6 38. Rxa6 bxa6 39. Kf2 Kh7 40. Kg3 Bg4 41. Kf4 Be2 42. e5 dxe5+ 43. Kxe5 Bxd3 44. Kxd4 Bb1 45. a4 a5 46. c5 Bc2 47. c6 Bxa4 48. c7 Bd7 49. Bf8 Kg8 50. Be7 Kh7 51. Kc5 a4 52. Kb4 g5 53. hxg5 Kg6 54. c8Q Bxc8 55. Kxa4 Kxg5 56. Kb4 h4 57. Kc4 h3 58. Bd6 Kxf6 59. Kd4 Kg5 60. Ke3 f5 61. Bh2 Kg4 62. Bf4 Bb7 63. Bh2 Be4 64. Bf4 1/2-1/2

[Event "RUS-chT Blitz (Women)"]
[Site "Sochi"]
[Date "2023.10.17"]
[Round "5.7"]
[White "Khamnueva, Mariya"]
[Black "Tazetdinova, Adelya"]
[Result "1-0"]
[WhiteElo "1598"]
[BlackElo "1522"]
[PlyCount "52"]
[EventDate "2023.10.17"]
[EventType "team-tourn (blitz)"]
[EventRounds "13"]
[EventCountry "RUS"]
[SourceTitle "Mega2024 Update 01"]
[Source "Chessbase"]
[SourceDate "2023.11.12"]
[SourceVersion "1"]
[SourceVersionDate "2023.11.12"]
[SourceQuality "1"]
[WhiteTeam "Buryatiya (W)"]
[BlackTeam "Bashkortostan (W)"]
[WhiteTeamCountry "RUS"]
[BlackTeamCountry "RUS"]

1. e4 c5 2. Nf3 e6 3. d4 cxd4 4. c3 d3 5. Bxd3 a6 6. 0-0 Nf6 7. Qe2 Be7 8. Rd1 0-0 9. a4 b6 10. Na3 Bb7 11. Bf4 Nc6 12. h3 d5 13. Bc2 Qc8 14. e5 Ne4 15. Nd2 Nxd2 16. Rxd2 g6 17. h4 Rd8 18. h5 d4 19. hxg6 hxg6 20. Qg4 Kg7 21. Nc4 dxc3 22. Rxd8 Nxd8 23. Nxb6 Qc6 24. Nxa8 cxb2 25. Ra3 Bxa3 26. Qh4 Bc8 1-0

[Event "RUS-chT Blitz (Women)"]
[Site "Sochi"]
[Date "2023.10.17"]
[Round "3.11"]
[White "Khamnueva, Mariya"]
[Black "Travkina, Anastasia"]
[Result "0-1"]
[WhiteElo "1598"]
[BlackElo "2202"]
[PlyCount "90"]
[EventDate "2023.10.17"]
[EventType "team-tourn (blitz)"]
[EventRounds "13"]
[EventCountry "RUS"]
[SourceTitle "Mega2024 Update 01"]
[Source "Chessbase"]
[SourceDate "2023.11.12"]
[SourceVersion "1"]
[SourceVersionDate "2023.11.12"]
[SourceQuality "1"]
[WhiteTeam "Buryatiya (W)"]
[BlackTeam "Rostov Nastavnik (W)"]
[WhiteTeamCountry "RUS"]
[BlackTeamCountry "RUS"]

1. e4 c5 2. Nf3 d6 3. d4 cxd4 4. c3 dxc3 5. Nxc3 g6 6. Bc4 Bg7 7. 0-0 Nc6 8. Qe2 Nf6 9. h3 0-0 10. Rd1 Nd7 11. Bf4 Nde5 12. Nxe5 Nxe5 13. Bb3 Be6 14. Nd5 Rc8 15. Rac1 Bxd5 16. Bxd5 Qb6 17. Be3 Qa5 18. Bxb7 Rxc1 19. Rxc1 Qxa2 20. Qb5 Qe6 21. Bxa7 g5 22. Bd5 Qg6 23. Bd4 g4 24. hxg4 Qxg4 25. Bxe5 Bxe5 26. Qd3 Kh8 27. Qh3 Qxh3 28. gxh3 Bxb2 29. Rc7 e6 30. Bc4 Be5 31. Kf1 d5 32. Rc6 dxc4 33. Rxc4 Rd8 34. Ra4 Kg7 35. Ke2 Rb8 36. Kf3 h5 37. Ra5 Rb3+ 38. Kg2 f6 39. Rc5 Kg6 40. Rc8 Rb2 41. Rd8 Bc3 42. Rd1 e5 43. Kg3 Bd4 44. f3 Be3 45. Rd8 Bf2+ 0-1

[Event "RUS-ch Rapid (Women)"]
[Site "Sochi"]
[Date "2023.10.16"]
[Round "7"]
[White "Khamnueva, Mariya"]
[Black "Voit, Daria"]
[Result "1/2-1/2"]
[WhiteElo "1598"]
[BlackElo "2343"]
[PlyCount "145"]
[EventDate "2023.10.15"]
[EventType "swiss (rapid)"]
[EventRounds "11"]
[EventCountry "RUS"]
[SourceTitle "Mega2024 Update 01"]
[Source "Chessbase"]
[SourceDate "2023.11.12"]
[SourceVersion "1"]
[SourceVersionDate "2023.11.12"]
[SourceQuality "1"]

1. e4 c6 2. d3 d5 3. Nd2 g6 4. g3 Bg7 5. Bg2 e5 6. Ngf3 Ne7 7. 0-0 0-0 8. Re1 Qc7 9. Qe2 Re8 10. b3 d4 11. Nh4 Be6 12. Nf1 c5 13. f4 f6 14. Qf2 Nbc6 15. Nd2 b5 16. a4 a6 17. f5 Bf7 18. g4 c4 19. axb5 axb5 20. Rxa8 Rxa8 21. bxc4 bxc4 22. Nxc4 Bxc4 23. dxc4 g5 24. Nf3 Nb4 25. Nxg5 Qxc4 26. Bf1 Qc6 27. Qh4 fxg5 28. Bxg5 Nc8 29. f6 Bf8 30. f7+ Kxf7 31. Qxh7+ Ke8 32. Qf5 Ra5 33. Bd2 d3 34. cxd3 Bc5+ 35. Kh1 Ra2 36. Qxe5+ Kd7 37. Rc1 Rc2 38. g5 Rxc1 39. Bxc1 Bd6 40. Qf5+ Kd8 41. Bf4 Bxf4 42. Qxf4 Nc2 43. Qe5 Qb6 44. Bh3 Qb1+ 45. Kg2 Ne1+ 46. Kg3 Qxd3+ 47. Kf2 Qxh3 48. Kxe1 Ne7 49. Kd2 Ke8 50. Qf4 Ng6 51. Qf5 Qxh2+ 52. Ke3 Qg3+ 53. Kd4 Qd6+ 54. Ke3 Ne5 55. Qc8+ Kf7 56. Qf5+ Kg8 57. Qc8+ Kg7 58. Qf5 Qd3+ 59. Kf2 Qd2+ 60. Kg3 Qe3+ 61. Kg2 Qd2+ 62. Kg3 Qc3+ 63. Kg2 Qc2+ 64. Kg3 Qb3+ 65. Kg2 Ng6 66. Qf6+ Kh7 67. Qf5 Qb7 68. Kf2 Qb6+ 69. Kg2 Kg8 70. Qc8+ Kf7 71. Qf5+ Ke8 72. Qf6 Qxf6 73. gxf6 1/2-1/2